Loading...
| Current Events | 2 | 20.00 | 100% | 50% | 50% |
| Fine Arts - Classical Music | 4 | 12.50 | 50% | 50% | 25% |
| Fine Arts - Other | 4 | 15.00 | 100% | 50% | 0% |
| Fine Arts - Painting and Sculpture | 4 | 25.00 | 100% | 100% | 50% |
| Geography | 2 | 30.00 | 100% | 100% | 100% |
| History - American | 2 | 30.00 | 100% | 100% | 100% |
| History - Ancient/Other | 3 | 20.00 | 100% | 67% | 33% |
| History - European | 4 | 20.00 | 75% | 75% | 50% |
| History - World | 4 | 22.50 | 100% | 100% | 25% |
| Literature - American | 3 | 23.33 | 100% | 100% | 33% |
| Literature - British | 5 | 12.00 | 100% | 20% | 0% |
| Literature - European | 4 | 15.00 | 75% | 75% | 0% |
| Literature - World | 5 | 20.00 | 100% | 80% | 20% |
| Mythology | 4 | 22.50 | 100% | 100% | 25% |
| Other Academic | 1 | 20.00 | 100% | 100% | 0% |
| Philosophy | 6 | 18.33 | 100% | 83% | 0% |
| Religion | 6 | 23.33 | 100% | 83% | 50% |
| Science - Biology | 5 | 12.00 | 80% | 20% | 20% |
| Science - Chemistry | 4 | 12.50 | 100% | 25% | 0% |
| Science - Other | 3 | 16.67 | 100% | 33% | 33% |
| Science - Physics | 7 | 15.71 | 100% | 43% | 14% |
| Social Science | 7 | 20.00 | 100% | 86% | 14% |